Cauvery / (Record no. 33103)
[ view plain ]
| 000 -LEADER | |
|---|---|
| fixed length control field | 01987nam a22003137a 4500 |
| 005 - DATE AND TIME OF LATEST TRANSACTION | |
| control field | 20091217133454.0 |
| 010 ## - LCCN (DPL NO) | |
| LC control number | B-379614-615 B-432154-158 |
| 020 ## - INTERNATIONAL STANDARD BOOK NUMBER | |
| International Standard Book Number | 9788182639928 |
| Terms of availability | 60.00 |
| 035 ## - SYSTEM CONTROL NUMBER | |
| System control number | B-379614-615 |
| 035 ## - SYSTEM CONTROL NUMBER | |
| System control number | B-432154-158 |
| 037 ## - SOURCE OF ACQUISITION | |
| Source of stock number/acquisition | Blueberry |
| 082 ## - DEWEY DECIMAL CLASSIFICATION NUMBER | |
| Classification number | S |
| 100 ## - MAIN ENTRY--PERSONAL NAME | |
| Personal name | Oriole Henry |
| 245 ## - TITLE STATEMENT | |
| Title | Cauvery / |
| Statement of responsibility, etc | by Oriole Henry; photographed by Clare Arni |
| 260 ## - PUBLICATION, DISTRIBUTION, ETC. (IMPRINT) | |
| Place of publication, distribution, etc | Bangalore |
| Name of publisher, distributor, etc | Pratham Books |
| Date of publication, distribution, etc | 2009 |
| 270 ## - ADDRESS | |
| Address | 633-634, 4th "C" Main, 6th B Cross, OMBR Layout, Banaswadi, |
| City | Bangalore |
| Postal code | 560043 |
| 300 ## - PHYSICAL DESCRIPTION | |
| Extent | 40p.: |
| Dimensions | 25cm(pbk) |
| Other physical details | col. ill. |
| 700 ## - ADDED ENTRY--PERSONAL NAME | |
| Personal name | Arni, Clare |
| 9 (RLIN) | 27210 |
| 942 ## - ADDED ENTRY ELEMENTS (KOHA) | |
| Source of classification or shelving scheme | Dewey Decimal Classification |
| Item type | Children Books |
| Call number suffix | ORI |
| Classification part | S |
| Withdrawn status | Lost status | Not for loan | Collection code | Home library | Current library | Date acquired | Source of acquisition | Cost, normal purchase price | Full call number | Barcode | Copy number | Cost, replacement price | Koha item type |
|---|---|---|---|---|---|---|---|---|---|---|---|---|---|
| Fiction | Central Library | Central Library | 28/07/2011 | Blue Berry/6363/25.3.11/83/21.3.11/31.3.11 | 60.00 | S ORI | B-432154 | 1 | 60.00 | Children Books | |||
| Fiction | Janak Puri | Janak Puri | 25/05/2010 | Pratham Books /PD_14081/16.2.10/168/27.1.10/3.3.10 | 60.00 | S ORI | B-379615 | 1 | 60.00 | Children Books | |||
| Fiction | Karol Bagh | Karol Bagh | 28/07/2011 | Blue Berry/6363/25.3.11/83/21.3.11/31.3.11 | 60.00 | S ORI | B-432157 | 1 | 60.00 | Children Books | |||
| Fiction | Patel Nagar | Patel Nagar | 25/05/2010 | Pratham Books /PD_14081/16.2.10/168/27.1.10/3.3.10 | 60.00 | S ORI | B-379614 | 1 | 60.00 | Children Books | |||
| Fiction | Patel Nagar | Patel Nagar | 28/07/2011 | Blue Berry/6363/25.3.11/83/21.3.11/31.3.11 | 60.00 | S ORI | B-432155 | 1 | 60.00 | Children Books | |||
| Fiction | Sarojini Nagar | Sarojini Nagar | 28/07/2011 | Blue Berry/6363/25.3.11/83/21.3.11/31.3.11 | 60.00 | S ORI | B-432156 | 1 | 60.00 | Children Books | |||
| Written-off vide DLB M. No. 383 dt 16.05.19 | Fiction | Shahdara Branch | Shahdara Branch | 28/07/2011 | Blue Berry/6363/25.3.11/83/21.3.11/31.3.11 | 60.00 | S ORI | B-432158 | 1 | 60.00 | Children Books |
